| 000 | 01440cam a2200397 a 4500 | ||
|---|---|---|---|
| 999 |
_c174681 _d174681 |
||
| 001 | 3003884 | ||
| 003 | Nust | ||
| 005 | 20170207094049.0 | ||
| 008 | 930519s1991 enk b 000 1 eng | ||
| 010 | _a 93156117 | ||
| 020 |
_a9780140433869 _c£4.50 ($7.95 U.S.) |
||
| 040 |
_aDLC _cDLC _dDLC |
||
| 043 | _ae-uk-en | ||
| 050 | 0 | 0 |
_aPR3454.J65 _bE5 1991 |
| 082 | 0 | 0 |
_a823.5 _bFIE |
| 100 | 1 |
_aFielding, Henry, _d1707-1754. |
|
| 240 | 1 | 0 | _aJoseph Andrews |
| 245 | 1 | 0 |
_aJoseph Andrews ; and, Shamela / _cHenry Fielding ; edited with an introduction by Arthur Humphreys. |
| 260 |
_aLondon : _bJ.M. Dent ; _aRutland, Vt. : _bC.E. Tuttle, _c1999. |
||
| 300 |
_axxii, 389 p. ; _c20 cm. |
||
| 490 | 0 | _aEveryman's library | |
| 504 | _aIncludes bibliographical references. | ||
| 650 | 0 |
_aYoung men _vFiction. |
|
| 650 | 0 |
_aHousehold employees _vFiction. |
|
| 650 | 0 |
_aMale friendship _vFiction. |
|
| 650 | 0 |
_aSocial classes _vFiction. |
|
| 650 | 0 |
_aClergy _vFiction. |
|
| 650 | 0 | _aHumorous stories, English. | |
| 651 | 0 |
_aEngland _vFiction. |
|
| 700 | 1 |
_aHumphreys, A. R. _q(Arthur Raleigh), _d1911- |
|
| 700 | 1 | 2 |
_aFielding, Henry, _d1707-1754. _tShamela. _f1991. |
| 740 | 0 | _aShamela. | |
| 906 |
_a7 _bcbc _corignew _d3 _encip _f19 _gy-gencatlg |
||
| 942 |
_2ddc _cBK |
||